000 00701nam a22001937a 4500
999 _c8198
_d8198
003 AR-CdUCM
008 190322b ||||| |||| 00| 0 spa d
040 _aMUNICIPALIDAD PROVINCIAL DEL CUSCO
_cBIBLIOTECA MUNICIPAL DEL CUSCO
082 _a869.557 /
_bG72
100 _aGonzález Prada, Manuel
_9638
245 _aSus mejores páginas /
260 _aLima :
_bEditora Paracas,
300 _a96 páginas ;
_c18 cm.
500 _aDonación familia Nieto. González Prada / José Carlos Mariátegui en "El proceso de la literatura", 7 ensayos de interpretación de la realidad peruana--p. 9-18.
650 _aEnsayos peruanos
_9233
650 _aSiglo XIX
_9971
942 _2ddc
_cLIBROS
945 _azta